Statistics for Elton John Charting Songs (Billboard Club Play)

Click here to take the quiz!

General Stats

  • This quiz has been taken 3 times
  • The average score is 3 of 11

Answer Stats

AlbumWeeks OnPeakArtist(s)Song% Correct
Elton John13 Weeks#5Elton JohnYour Song
67%
Choreography9 Weeks#25Bright Light Bright Light ft. Elton JohnAll in the Name
33%
Duets14 Weeks#3Elton John & RuPaulDon't Go Breaking My Heart
33%
Good Morning to the Night8 Weeks#30Elton John vs. PNAUGood Morning to the Night
33%
Reg Strikes Back10 Weeks#7Elton JohnI Don't Wanna Go On With You Like That
33%
Rocketman13 Weeks#3Elton John & Taron Egerton(I'm Gonna) Love Me Again
33%
Made In England12 Weeks#13Elton JohnMade In England
33%
Victim of Love14 Weeks#55Elton JohnVictim of Love
33%
The Complete Thom Bell Sessions15 Weeks#1 (1 Week)Elton JohnAre You Ready For Love
0%
Songs from the West Coast4 Weeks#44Elton JohnOriginal Sin (Junior Vasquez Remix)
0%
Choreography5 Weeks#32Bright Light Bright Light with Elton JohnRunning Back to You
0%

Score Distribution

Percentile by Number Answered

Percent of People with Each Score

Your Score History

You have not taken this quiz